• 首页
  • 本馆介绍
  • 公告通知
  • 最新文献
  • 馆藏检索
  • 电子资源
  • 读者导购
  • 参考咨询
  • 我的图书馆
  • 登录
  • 详细信息显示
  • 放入我的书架
  • 预约/预借图书
  • 作者相关作品
  • 分类相关作品
  • 丛书相关作品
  • 出版社相关作品

书目信息

  • 表格格式
  • 工作单格式
  • 卡片格式
题名:
机械设备电气控制原理及应用
    
 
作者: 李公法 , 黄永杰 , 邹燕秋 编著
分册:  
出版信息: 北京   中国水利水电出版社  2014
页数: 267页
开本: 26cm
丛书名:
单 册:
中图分类: TH-39
科图分类:
主题词: 机械设备--电气控制
电子资源:
ISBN: 978-7-5170-1825-4
000 01083nam0 2200253 450
001 012015000175
005 20150914103840.30
010    @a978-7-5170-1825-4@dCNY62.00
100    @a20141212d2014 em y0chiy50 ea
101 0  @achi
102    @aCN@b110000
105    @aa z 000yy
106    @ar
200 1  @a机械设备电气控制原理及应用@Aji xie she bei dian qi kong zhi yuan li ji ying yong@f李公法,黄永杰,邹燕秋编著
210    @a北京@c中国水利水电出版社@d2014
215    @a267页@c图@d26cm
330    @a本书主要介绍了机械设备电气控制的基本概念和基础知识、控制系统分析以及设计中的应用。全书共分为12章,包括:绪论、自动控制原理、继电器-接触器控制、直流传动与控制技术、交流传动与控制技术、步进电动机控制技术、伺服电动机控制技术、控制系统的稳定性分析、控制系统的性能指标与校正、可编程控制器控制技术、单片机控制技术、集散控制技术等。
606 0  @a机械设备@x电气控制
690    @aTH-39@v5
701  0 @a李公法@Ali gong fa@4编著
701  0 @a黄永杰@Ahuang yong jie@4编著
701  0 @a邹燕秋@Azou yan qiu@4编著
801  0 @aCN@b碧洲教育@c20150716
905    @a10447@f4@dTH-39@e32
    
    机械设备电气控制原理及应用/李公法,黄永杰,邹燕秋编著.-北京:中国水利水电出版社,2014
    267页:图;26cm
    
    
    ISBN 978-7-5170-1825-4:CNY62.00
    本书主要介绍了机械设备电气控制的基本概念和基础知识、控制系统分析以及设计中的应用。全书共分为12章,包括:绪论、自动控制原理、继电器-接触器控制、直流传动与控制技术、交流传动与控制技术、步进电动机控制技术、伺服电动机控制技术、控制系统的稳定性分析、控制系统的性能指标与校正、可编程控制器控制技术、单片机控制技术、集散控制技术等。
●
相关链接 在E读中查询图书 在五车中查询图书 在当当中查询图书 在豆瓣中查询图书


正题名:机械设备电气控制原理及应用     索取号:TH-39/32         预约/预借

序号 登录号 条形码 馆藏地/架位号 状态 备注
1 0849951   208499515   第二样本阅览室/ [索取号:TH-39/32] 在馆    
2 0849952   208499524   密集书库-物理学院/ [索取号:TH-39/32] 在馆    
3 0849953   208499533   第三借阅区/ [索取号:TH-39/32] 在馆    
4 0849954   208499542   第三借阅区/ [索取号:TH-39/32] 在馆    
唐山师范学院图书馆 欢迎您!
大连网信软件有限公司© 版权所有